000
00244nam a2200097Ia 4500
008
240331s9999 xx 000 0 und d
082
_b
DES
100
_a
De Silva, H.L
245
3
_a
An appraisal of the federal Alternative for Sri Lanka
942
_c
L
999
_c
2340
_d
2340